书目信息 |
| 题名: |
当代教育前沿问题研究文集
|
|
| 作者: | 吴慧平 主编 | |
| 分册: | ||
| 出版信息: | 北京 社会科学文献出版社 2021 |
|
| 页数: | 193页 | |
| 开本: | 24cm | |
| 丛书名: | 当代教育研究丛书 | |
| 单 册: | ||
| 中图分类: | G4 | |
| 科图分类: | ||
| 主题词: | 教育--jiao yu--研究 | |
| 电子资源: | ||
| ISBN: | 978-7-5201-8231-7 | |
| 000 | 01167oam2 2200265 450 | |
| 001 | 2159264959 | |
| 005 | 20210926145346.0 | |
| 010 | @a978-7-5201-8231-7@dCNY78.00 | |
| 100 | @a20210629d2021 em y0chiy0120 ea | |
| 101 | 0 | @achi |
| 102 | @aCN@b110000 | |
| 105 | @aa z 000yy | |
| 106 | @ar | |
| 200 | 1 | @a当代教育前沿问题研究文集@Adang dai jiao yu qian yan wen ti yan jiu wen ji@dA collection of research papers on the forefront issues of contemporary education@f吴慧平主编@zeng |
| 210 | @a北京@c社会科学文献出版社@d2021 | |
| 215 | @a193页@c图@d24cm | |
| 225 | 2 | @a当代教育研究丛书@Adang dai jiao yu yan jiu cong shu |
| 330 | @a本书内容包括:教育供给侧改革与“双一流”建设的法治化、新形态的科学教育:STEM教育、我国一流大学建设高校院系内部治理研究及其反思、教育测量与评价——回顾与展望、国际教科书比较与教材研究方法、个性化学习研究的国际化推进等。 | |
| 461 | 0 | @12001 @a当代教育研究丛书 |
| 510 | 1 | @aA Collection of research papers on the forefront issues of contemporary education@zeng |
| 606 | 0 | @a教育@Ajiao yu@x研究 |
| 690 | @aG4@v5 | |
| 701 | 0 | @a吴慧平@Awu hui ping@c(女)@4主编 |
| 801 | 0 | @aCN@b百万庄@c20210926 |
| 905 | @b1299616-19@dG4@e310@f4 | |
| 当代教育前沿问题研究文集=A collection of research papers on the forefront issues of contemporary education/吴慧平主编.-北京:社会科学文献出版社,2021 |
| 193页:图;24cm.-(当代教育研究丛书) |
| ISBN 978-7-5201-8231-7:CNY78.00 |
| 本书内容包括:教育供给侧改革与“双一流”建设的法治化、新形态的科学教育:STEM教育、我国一流大学建设高校院系内部治理研究及其反思、教育测量与评价——回顾与展望、国际教科书比较与教材研究方法、个性化学习研究的国际化推进等。 |
| ● |
| 相关链接 |
|
|
|
|
正题名:当代教育前沿问题研究文集
索取号:G4/310
 
预约/预借
| 序号 | 登录号 | 条形码 | 馆藏地/架位号 | 状态 | 备注 |
| 1 | 1299616 | 212996169 | 第一样本阅览室/ [索取号:G4/310] | 在馆 | |
| 2 | 1299617 | 212996178 | 第四借阅区/ [索取号:G4/310] | 在馆 | |
| 3 | 1299618 | 212996187 | 第四借阅区/ [索取号:G4/310] | 在馆 | |
| 4 | 1299619 | 212996196 | 第四借阅区/ [索取号:G4/310] | 在馆 |